000 01375cam a2200385 i 4500
001 5908
003 FISKH
005 20250725142301.0
008 181001s2019 nyua j 000 1 eng
010 _a 2018959980
_z 2018959981
_z 2018959982
_z 2018959983
020 _a9781534448919
020 _z9781534448926
020 _z9781534448957
020 _a9781534449008
040 _aDLC
_beng
_erda
_cDLC
050 _aPZ7.L827 S
082 _a823.912
100 1 _aLofting, Hugh,
_d1886-1947,
_eauthor.
245 _aThe story of Doctor Dolittle /
_cBy Hugh Lofting
260 _aPhnom Penh :
_bFootprint International School,
_c2025.
300 _a102 pages :
_c21 cm
336 _atext
_btxt
_2rdacontent
337 _aunmediated
_bn
_2rdamedia
338 _avolume
_bnc
_2rdacarrier
500 _a"These titles were previously published individually with slightly different text and art"--Title page verso.
505 _aN
520 _aThe adventures of a kind-hearted doctor, who is fond of animals and understands their language, as he travels to Africa with some of his favorite pets to cure the monkeys of a terrible sickness.
521 8 _a580
_bLexile
521 8 _aN
_bRaz-Plus
650 1 _aAnimals
_vFiction.
650 1 _aFantasy.
906 _a7
_bcbc
_corignew
_d2
_eepcn
_f20
_gy-gencatlg
942 _2ddc
_cBK
_n0
999 _c5908
_d5908